[Event "ROM-ch (Women)"]
[Site "Olanesti"]
[Date "2018.05.17"]
[Round "4"]
[White "Panainte, Andreea Bianca"]
[Black "Ciolacu, Alessia Mihaela"]
[Result "1/2-1/2"]
[WhiteElo "1894"]
[BlackElo "1843"]
[PlyCount "103"]
[EventDate "2018.05.14"]
[EventType "swiss"]
[EventRounds "9"]
[EventCountry "ROU"]
[SourceTitle "CBM 184 Extra"]
[Source "ChessBase"]
[SourceDate "2018.06.28"]
[SourceVersion "1"]
[SourceVersionDate "2018.06.28"]
[SourceQuality "1"]

1. e4 e5 2. Nf3 Nf6 3. Nxe5 d6 4. Nf3 Nxe4 5. Nc3 Nxc3 6. dxc3 Be7 7. Be3 0-0 8. Qd2 Nd7 9. Bd3 c6 10. Nd4 Ne5 11. 0-0-0 d5 12. f4 Nxd3+ 13. Qxd3 Qc7 14. Nf5 Bxf5 15. Qxf5 b5 16. Rd3 Bd6 17. Rf1 Rfe8 18. Bd4 Re4 19. Rdf3 Rae8 20. Qg4 f5 21. Qxf5 Qe7 22. Be5 Bxe5 23. fxe5 Rxe5 24. Qf7+ Qxf7 25. Rxf7 Re1+ 26. Rxe1 Rxe1+ 27. Kd2 Kxf7 28. Kxe1 Ke6 29. Ke2 Ke5 30. Ke3 c5 31. b3 a6 32. a3 a5 33. b4 cxb4 34. cxb4 d4+ 35. Kd2 axb4 36. axb4 Ke4 37. Ke2 g5 38. h3 Kf4 39. Kf2 h5 40. g3+ Kf5 41. Kf3 Ke5 42. Kf2 h4 43. gxh4 gxh4 44. Ke2 Ke4 45. Kd2 Kf4 46. Kd3 Kg3 47. Kxd4 Kxh3 48. c4 bxc4 49. Kxc4 Kg4 50. b5 h3 51. b6 h2 52. b7 1/2-1/2

[Event "ROM-ch U18 Girls"]
[Site "Calimanesti"]
[Date "2018.03.31"]
[Round "6"]
[White "Nastase, Andreea Cristina"]
[Black "Panainte, Andreea Bianca"]
[Result "1-0"]
[WhiteElo "1877"]
[BlackElo "1956"]
[PlyCount "59"]
[EventDate "2018.03.27"]
[EventType "swiss"]
[EventRounds "9"]
[EventCountry "ROU"]
[SourceTitle "CBM 183 Extra"]
[Source "ChessBase"]
[SourceDate "2018.04.19"]
[SourceVersion "1"]
[SourceVersionDate "2018.04.19"]
[SourceQuality "1"]

1. d4 Nf6 2. c4 e6 3. Nc3 Bb4 4. e3 0-0 5. Nge2 c6 6. a3 Ba5 7. Qc2 d5 8. Ng3 Nbd7 9. cxd5 exd5 10. b4 Bc7 11. Bd3 Nb6 12. Nce2 a5 13. b5 cxb5 14. Bxb5 Bd7 15. Bxd7 Qxd7 16. 0-0 Rac8 17. Qf5 Bxg3 18. Nxg3 Qc6 19. Qg5 h6 20. Qh4 Qe6 21. Rb1 Rc6 22. f3 Rfc8 23. e4 dxe4 24. fxe4 Qa2 25. Bxh6 Rc2 26. Bxg7 Rxg2+ 27. Kh1 Nh7 28. Nf5 Rg5 29. Rg1 Re8 30. Rxg5 1-0

[Event "ROM-ch U18 Girls"]
[Site "Calimanesti"]
[Date "2018.03.28"]
[Round "2"]
[White "Hrib, Andrada Ioana"]
[Black "Panainte, Andreea Bianca"]
[Result "0-1"]
[WhiteElo "1813"]
[BlackElo "1956"]
[PlyCount "96"]
[EventDate "2018.03.27"]
[EventType "swiss"]
[EventRounds "9"]
[EventCountry "ROU"]
[SourceTitle "CBM 183 Extra"]
[Source "ChessBase"]
[SourceDate "2018.04.19"]
[SourceVersion "1"]
[SourceVersionDate "2018.04.19"]
[SourceQuality "1"]

1. f4 d5 2. Nf3 g6 3. e3 Bg7 4. Be2 Nf6 5. 0-0 0-0 6. b3 c5 7. Bb2 Nc6 8. Ne5 Qc7 9. Nxc6 Qxc6 10. Bf3 Bf5 11. d3 Qd7 12. Qe2 d4 13. e4 Bg4 14. h3 Bxf3 15. Rxf3 e5 16. fxe5 Ne8 17. Bc1 Bxe5 18. Bh6 Ng7 19. Nd2 b5 20. Raf1 Qe7 21. Qe1 Qc7 22. h4 Bh2+ 23. Kh1 Nh5 24. Bxf8 Ng3+ 25. Kxh2 Nxf1+ 26. Kg1 Nxd2 27. Qxd2 Rxf8 28. Qg5 h5 29. g4 hxg4 30. Qxg4 Kg7 31. Qg5 Qd8 32. Qxc5 Qxh4 33. Qxd4+ f6 34. Qxa7+ Rf7 35. Qf2 Qg5+ 36. Rg3 Qc1+ 37. Kg2 Rc7 38. c4 bxc4 39. bxc4 Rb7 40. Re3 Rb1 41. Kg3 Rb2 42. Qe1 Qc2 43. Kf4 Qh2+ 44. Qg3 Qh6+ 45. Kf3 Qh5+ 46. Kf4 Rh2 47. Rf3 Qh6+ 48. Kg4 Qg5# 0-1

[Event "EU-ch U16 Girls 27th"]
[Site "Mamaia"]
[Date "2017.09.07"]
[Round "3"]
[White "Panainte, Andreea Bianca"]
[Black "Pellicoro, Nathalie"]
[Result "1-0"]
[WhiteElo "1803"]
[BlackElo "1903"]
[PlyCount "65"]
[EventDate "2017.09.05"]
[EventType "swiss"]
[EventRounds "9"]
[EventCountry "ROU"]
[SourceTitle "CBM 180 Extra"]
[Source "ChessBase"]
[SourceDate "2017.10.06"]
[SourceVersion "1"]
[SourceVersionDate "2017.10.06"]
[SourceQuality "1"]

1. e4 e5 2. Nf3 Nc6 3. Bc4 Bc5 4. c3 Nf6 5. d3 d6 6. Nbd2 a6 7. 0-0 0-0 8. h3 Na5 9. Bxf7+ Rxf7 10. b4 Bb6 11. bxa5 Bxa5 12. Ng5 Re7 13. Qb3+ Kf8 14. Nc4 Bb6 15. Ba3 h6 16. Nxb6 cxb6 17. Nf3 Qc7 18. Rab1 b5 19. Qb4 Ne8 20. Nh4 Kg8 21. Kh1 Be6 22. Nf5 Bxf5 23. exf5 Rf7 24. f4 Rxf5 25. fxe5 Rxe5 26. Qb3+ Kh7 27. Rf8 d5 28. d4 Rg5 29. Qc2+ Rg6 30. Re1 Qc6 31. h4 h5 32. Re5 Nf6 33. Rxa8 1-0

[Event "ROM-ch (Women)"]
[Site "Calimanesti Caciulata"]
[Date "2017.03.30"]
[Round "6"]
[White "Cristocea, Gabriela"]
[Black "Panainte, Andreea Bianca"]
[Result "0-1"]
[WhiteElo "1498"]
[BlackElo "1850"]
[PlyCount "162"]
[EventDate "2017.03.25"]
[EventType "swiss"]
[EventRounds "9"]
[EventCountry "ROU"]
[SourceTitle "CBM 177 Extra"]
[Source "ChessBase"]
[SourceDate "2017.04.27"]
[SourceVersion "1"]
[SourceVersionDate "2017.04.27"]
[SourceQuality "1"]

1. Nf3 d5 2. g3 c5 3. Bg2 Nc6 4. d4 Nf6 5. 0-0 g6 6. b3 Bg7 7. Bb2 0-0 8. Nbd2 Qc7 9. c4 cxd4 10. Nxd4 Nxd4 11. Bxd4 e5 12. Bb2 Rd8 13. Qc2 Be6 14. Rfd1 Rac8 15. Rac1 b5 16. c5 b4 17. e3 Nd7 18. c6 Nb8 19. Nf3 f6 20. Qc5 Nxc6 21. Ne1 Bf8 22. Qb5 Qd6 23. f4 Ne7 24. fxe5 fxe5 25. Nf3 Bg7 26. Ng5 Bh6 27. Rxc8 Bxc8 28. Ne4 Bxe3+ 29. Kh1 Qe6 30. Qxb4 Rf8 31. Nc5 Bxc5 32. Qxc5 Rd8 33. Qxa7 Nc6 34. Qc5 e4 35. b4 Bb7 36. Qb6 Qe7 37. b5 Nb8 38. Qd4 Kf7 39. Qg7+ Ke8 40. Qg8+ Kd7 41. Bh3+ Kc7 42. Qg7 Qxg7 43. Bxg7 Kb6 44. a4 Ka5 45. Rd4 Re8 46. Bh6 e3 47. Kg1 Kb6 48. Kf1 Kc5 49. Rd3 d4 50. Ke2 Kc4 51. Rd1 d3+ 52. Ke1 Bf3 53. Rc1+ Kb3 54. Bxe3 Rxe3+ 55. Kd2 Re8 56. Kxd3 Kxa4 57. Rc8 Rxc8 58. Bxc8 Kxb5 59. Ke3 Bd5 60. Kf4 h6 61. h4 Nc6 62. g4 Bf7 63. Bd7 Kc5 64. g5 h5 65. Bh3 Kd4 66. Bg2 Bd5 67. Bh3 Ne5 68. Bf1 Be6 69. Bb5 Bf5 70. Bf1 Nd3+ 71. Kf3 Nb4 72. Kg3 Ke3 73. Bg2 Nd3 74. Ba8 Nc1 75. Bd5 Ne2+ 76. Kh2 Kf2 77. Bc6 Bg4 78. Be8 Nd4 79. Bxg6 Nf3+ 80. Kh1 Bh3 81. Bxh5 Bg2# 0-1